Seçilmiş əsərlər (Record no. 435)

MARC details
000 -LEADER
fixed length control field 02129nam a22003377a 4500
003 - CONTROL NUMBER IDENTIFIER
control field OSt
005 - DATE AND TIME OF LATEST TRANSACTION
control field 20260513091535.0
008 - FIXED-LENGTH DATA ELEMENTS--GENERAL INFORMATION
fixed length control field 260513b |||||||| |||| 00| 0 aze d
020 ## - INTERNATIONAL STANDARD BOOK NUMBER
International Standard Book Number 9789952435446
040 ## - CATALOGING SOURCE
Original cataloging agency AZ-XaKU
Language of cataloging aze
Transcribing agency AZ-XaKU
050 14 - LIBRARY OF CONGRESS CALL NUMBER
Classification number ML423 .İM18 .SCİ279 2021
100 1# - MAIN ENTRY--PERSONAL NAME
Personal name İmanova, Ülviyyə,
Titles and words associated with a name dosent,
Dates associated with a name 1971 - 2022,
Relator term müəllif.
245 10 - TITLE STATEMENT
Title Seçilmiş əsərlər
Statement of responsibility, etc. / Ülviyyə İmanova
264 ## - PRODUCTION, PUBLICATION, DISTRIBUTION, MANUFACTURE, AND COPYRIGHT NOTICE
Place of production, publication, distribution, manufacture Bakı:
Name of producer, publisher, distributor, manufacturer Müəllim,
Date of production, publication, distribution, manufacture, or copyright notice 2021.
300 ## - PHYSICAL DESCRIPTION
Extent 316 səhifə;
Other physical details şəkilli,
Dimensions 25 sm.
336 ## - CONTENT TYPE
Content type term text
Content type code txt
Source rdacontent
337 ## - MEDIA TYPE
Media type term unmediated
Media type code n
Source rdamedia
338 ## - CARRIER TYPE
Carrier type term volume
Carrier type code nc
Source rdacarrier
505 0# - Formatted Contents Note
Formatted contents note Elmi məqalələr və tezislər -- Musiqi-tənqidi fikir və mülahizələr, Bakı Musiqi Akademiyası və "Musiqi tarixi" kafedrasının musiqi səhifələri, müsahibələr -- Sənətkarların portretləri -- Sənət dostlar, həmkarları və tələbələrinin təbrikləri.
520 ## - SUMMARY, ETC.
Summary, etc. Kitab Üzeyir Hacıbəyli adına Bakı Musiqi Akademiyasının professoru, Azərbaycan Respublikasının əməkdar müəllimi, sənətşünaslıq namizədi Ülviyyə İsmayıl qızı İmanovanın 75 illik yubileyinə həsr olunmuşdur. Tədqiqatçı-alimin elmi-publisistik yaradıcılığını işıqlandıran bu kitabda onun tərəfindən müxtəlif illərdə qələmə alınmış və Azərbaycanın aparıcı jurnal və məcmuələrində çap olunmuş elmi-publisistik yazıların əsas hissəsi öz əksini tapmışdır. Musiqili-nəzəri və publisistik yazılarla yanaşı, kitabda cəmləşən elmi əsərlər Azərbaycan musiqiçilərinin portretlərini, eləcə də musiqi həyatımızın mühüm hadisələrini əks etdirir.
521 ## - TARGET AUDIENCE NOTE
Target audience note Kitab mütəxəssislər və geniş oxucu kütləsi üçün nəzərdə tutulmuşdur.
600 ## - SUBJECT ADDED ENTRY--PERSONAL NAME
Source of heading or term AZ-XaKU
650 #7 - SUBJECT ADDED ENTRY--TOPICAL TERM
Topical term or geographic name entry element Ədəbiyyatşünaslıq
Source of heading or term AZ-XaKU
655 ## - INDEX TERM--GENRE/FORM
Genre/form data or focus term Məqalələr toplusu
700 1# - ADDED ENTRY--PERSONAL NAME
Personal name Ələsgərli, Kəmalə,
Relator term tərtibçi - redaktor.
700 1# - ADDED ENTRY--PERSONAL NAME
Personal name Abdullayeva, Zemfira,
Relator term rəyçi.
700 1# - ADDED ENTRY--PERSONAL NAME
Personal name Qafarova, Zemfira,
Relator term rəyçi.
700 1# - ADDED ENTRY--PERSONAL NAME
Personal name Quliyeva, Nərminə,
Relator term elmi redaktor.
942 ## - ADDED ENTRY ELEMENTS (KOHA)
Koha item type Book
Holdings
Withdrawn status Lost status Source of classification or shelving scheme Damaged status Not for loan Collection Home library Current library Date acquired Total checkouts Full call number Barcode Date last seen Copy number Price effective from Koha item type
    Library of Congress Classification     Fine Arts Collection Karabakh University Main Library Karabakh University Art Library 05/13/2026   ML423 .İM18 .SCİ279 2021 0000001210 05/13/2026 1 05/13/2026 Book
    Library of Congress Classification     Fine Arts Collection Karabakh University Main Library Karabakh University Art Library 05/13/2026   ML423 .İM18 .SCİ279 2021 c.2 0000001211 05/13/2026 2 05/13/2026 Book
    Library of Congress Classification     Fine Arts Collection Karabakh University Main Library Karabakh University Art Library 05/13/2026   ML423 .İM18 .SCİ279 2021 c.3 0000001212 05/13/2026 3 05/13/2026 Book